[Event "XXXIV Festival Conca della Presolana Magistrale"]
[Site "Bratto - Castione della Presolana ITA"]
[Date "2014.08.27"]
[Round "6"]
[White "Ranieri, Fabrizio"]
[Black "Attuati, Stefano"]
[WhiteElo "2247"]
[BlackElo "2006"]
[Result "1-0"]
[PlyCount "57"]
[EventDate "2014.08.22"]

1. e4 Nf6 2. e5 Nd5 3. d4 d6 4. exd6 exd6 5. Nf3 Bg4 6. Be2 Be7 7. O-O O-O 8.
h3 Bh5 9. c4 Nb6 10. b3 N8d7 11. Nc3 c6 12. a4 a5 13. Bd2 Nf6 14. Nh4 Bxe2 15.
Qxe2 g6 16. Rae1 Re8 17. Qf3 Ne4 18. Rxe4 Bxh4 19. Rxe8+ Qxe8 20. Re1 Qf8 21.
Re4 Be7 22. Re2 f5 23. d5 c5 24. Nb5 Nd7 25. Qe3 Bd8 26. Qe6+ Qf7 27. Nxd6 Qxe6
28. dxe6 Nf6 29. e7 1-0

[Event "XXXIV Festival Conca della Presolana Magistrale"]
[Site "Bratto - Castione della Presolana ITA"]
[Date "2014.08.27"]
[Round "6"]
[White "Scagliotti, Mauro"]
[Black "Lavorgna, Giovanni"]
[WhiteElo "2043"]
[BlackElo "1962"]
[Result "1-0"]
[PlyCount "57"]
[EventDate "2014.08.22"]

1. e4 c5 2. Nc3 d6 3. g3 Nc6 4. Bg2 Nf6 5. f4 g6 6. d3 Bg7 7. Nf3 O-O 8. O-O
Rb8 9. h3 b5 10. a3 a5 11. Be3 b4 12. axb4 axb4 13. Ne2 Qc7 14. b3 Bb7 15. Rc1
Ra8 16. g4 Ra2 17. Qe1 Rfa8 18. Qh4 Ba6 19. Ng3 Nd4 20. Bxd4 cxd4 21. e5 Nd7
22. Ng5 Bb7 23. Bxb7 Qxb7 24. Qxh7+ Kf8 25. Nxf7 Kxf7 26. e6+ Kxe6 27. Qxg7 Re8
28. f5+ Kd5 29. Qf7+ 1-0

[Event "XXXIV Festival Conca della Presolana Magistrale"]
[Site "Bratto - Castione della Presolana ITA"]
[Date "2014.08.27"]
[Round "6"]
[White "Sharma, Dinesh K."]
[Black "Steingrimsson, Hedinn"]
[WhiteElo "2359"]
[BlackElo "2536"]
[Result "0-1"]
[PlyCount "80"]
[EventDate "2014.08.22"]

1. e4 c5 2. Nf3 d6 3. d4 cxd4 4. Nxd4 Nf6 5. Nc3 a6 6. Be3 e6 7. a4 b6 8. Bd3
Bb7 9. O-O Nbd7 10. f4 Nc5 11. Qf3 g6 12. a5 bxa5 13. Ra2 Bg7 14. Rfa1 a4 15.
Nde2 Qc7 16. Bxc5 Qxc5+ 17. Qf2 Qc7 18. h3 Nd7 19. Nxa4 O-O 20. Kh1 Rfb8 21.
Qe3 Bc6 22. Nac3 a5 23. f5 Rb4 24. fxe6 fxe6 25. Nd1 Nc5 26. Nec3 Qb6 27. Qe2
Nxd3 28. cxd3 h5 29. Ne3 a4 30. Nc4 Qc5 31. Qd2 Kh7 32. Qf4 Rf8 33. Qg3 d5 34.
Ne5 Be8 35. Nf3 Kh8 36. Ne5 Qf2 37. Nxg6+ Bxg6 38. Qxg6 Rxb2 39. Nxd5 Qf1+ 40.
Rxf1 Rxf1+ 0-1

[Event "XXXIV Festival Conca della Presolana Magistrale"]
[Site "Bratto - Castione della Presolana ITA"]
[Date "2014.08.27"]
[Round "6"]
[White "Stopa, Jacek"]
[Black "Pakleza, Zbigniew"]
[WhiteElo "2498"]
[BlackElo "2498"]
[Result "0-1"]
[PlyCount "36"]
[EventDate "2014.08.22"]

1. d4 Nf6 2. c4 g6 3. Nc3 d5 4. Nf3 Bg7 5. Bg5 Ne4 6. cxd5 Nxg5 7. Nxg5 e6 8.
Qd2 exd5 9. Qe3+ Kf8 10. Qf4 Bf6 11. h4 h6 12. Nxd5 Bxg5 13. Qe5 Rh7 14. hxg5
Nc6 15. Qe4 Bf5 16. Qf3 Nxd4 17. Qa3+ Kg7 18. Ne3 Qxg5 0-1

[Event "XXXIV Festival Conca della Presolana Magistrale"]
[Site "Bratto - Castione della Presolana ITA"]
[Date "2014.08.27"]
[Round "6"]
[White "Sveshnikov, Vladimir"]
[Black "Castaldo, Folco"]
[WhiteElo "2380"]
[BlackElo "2436"]
[Result "1/2-1/2"]
[PlyCount "64"]
[EventDate "2014.08.22"]

1. d4 d6 2. e4 g6 3. c3 Bg7 4. Nf3 Nf6 5. Bd3 O-O 6. O-O Nc6 7. Bg5 h6 8. Bh4
Nh5 9. Re1 Nf4 10. Bf1 g5 11. Bg3 e5 12. dxe5 dxe5 13. Nfd2 Qf6 14. Na3 Be6 15.
Qc2 Rad8 16. Rad1 h5 17. Bxf4 exf4 18. Nb5 Qe7 19. Nb3 g4 20. N3d4 Ne5 21. Nxe6
fxe6 22. Rxd8 Rxd8 23. Rd1 Rxd1 24. Qxd1 a6 25. Nd4 c5 26. Ne2 Qf6 27. Qd6 Bf8
28. Qd2 Bh6 29. Qd6 Bf8 30. Qd2 Ng6 31. Nc1 h4 32. Qd1 Ne5 1/2-1/2

[Event "XXXIV Festival Conca della Presolana Magistrale"]
[Site "Bratto - Castione della Presolana ITA"]
[Date "2014.08.28"]
[Round "7"]
[White "Attuati, Stefano"]
[Black "Bianco, Valerio"]
[WhiteElo "2006"]
[BlackElo "2058"]
[Result "0-1"]
[PlyCount "94"]
[EventDate "2014.08.22"]

1. e4 e6 2. d4 d5 3. Nd2 c5 4. c3 cxd4 5. cxd4 dxe4 6. Nxe4 Bb4+ 7. Nc3 Nf6 8.
Qa4+ Nc6 9. Bb5 Bd7 10. Bg5 a6 11. Bd3 Qb6 12. Nf3 Nxd4 13. Qd1 Nxf3+ 14. Qxf3
Qc6 15. Qxc6 Bxc6 16. O-O Nd5 17. Nxd5 Bxd5 18. b3 O-O 19. Rac1 Rac8 20. Be3
Ba3 21. Rxc8 Rxc8 22. Bd2 h6 23. Re1 Bb2 24. Kf1 Rc6 25. Rd1 Bc3 26. Bxc3 Rxc3
27. Bb1 Kf8 28. f3 Ke7 29. Ke2 a5 30. Rd2 Bc6 31. Be4 Bb5+ 32. Kf2 b6 33. Bc2
Rc7 34. Be4 f5 35. Bb1 Rd7 36. Rb2 Kf6 37. Ke1 e5 38. Bc2 Rd4 39. Bd1 Bc6 40.
Bc2 g5 41. h3 h5 42. Ke2 g4 43. hxg4 hxg4 44. Bd3 gxf3+ 45. gxf3 Bxf3+ 46. Kxf3
Rxd3+ 47. Ke2 Rh3 0-1

[Event "XXXIV Festival Conca della Presolana Magistrale"]
[Site "Bratto - Castione della Presolana ITA"]
[Date "2014.08.28"]
[Round "7"]
[White "Bonassi, Tommaso"]
[Black "Nicolo', Filippo"]
[WhiteElo "2012"]
[BlackElo "2066"]
[Result "1/2-1/2"]
[PlyCount "85"]
[EventDate "2014.08.22"]

1. e4 e6 2. d3 d5 3. Nd2 Nf6 4. Ngf3 Nc6 5. c3 a5 6. e5 Nd7 7. d4 Be7 8. Bd3 b6
9. Nf1 Ba6 10. Bf4 Ncb8 11. Ne3 c5 12. Bxa6 Nxa6 13. a3 c4 14. O-O O-O 15. Nd2
b5 16. Qg4 Kh8 17. Bg3 Nc7 18. f4 f5 19. Qe2 b4 20. axb4 axb4 21. Rxa8 Qxa8 22.
Be1 bxc3 23. bxc3 Nb5 24. Nd1 Qa2 25. Rf3 Ra8 26. Rh3 Nf8 27. g4 Qc2 28. Ne3
Nxc3 29. Qxc4 Qc1 30. Qf1 fxg4 31. Nxg4 Ra2 32. Rd3 Ne4 33. Nxe4 dxe4 34. Rc3
Qd1 35. Nf2 Qxd4 36. Rc4 Qd5 37. Nxe4 Ra1 38. Kf2 Bh4+ 39. Ng3 Ra2+ 40. Kg1 Be7
41. Bf2 Qf3 42. Qg2 Qd3 43. Qf1 1/2-1/2

[Event "XXXIV Festival Conca della Presolana Magistrale"]
[Site "Bratto - Castione della Presolana ITA"]
[Date "2014.08.28"]
[Round "7"]
[White "Cattaneo, Marco"]
[Black "Ceccarini, Marco"]
[WhiteElo "2151"]
[BlackElo "2094"]
[Result "1/2-1/2"]
[PlyCount "58"]
[EventDate "2014.08.22"]

1. d4 f5 2. Nc3 Nf6 3. Bg5 d5 4. Bxf6 exf6 5. e3 Be6 6. Qf3 Qd7 7. Bb5 Nc6 8.
Nge2 a6 9. Ba4 O-O-O 10. Nf4 g6 11. a3 Kb8 12. O-O Bf7 13. b4 g5 14. Nd3 f4 15.
Nc5 Bxc5 16. bxc5 Be6 17. Bxc6 Qxc6 18. exf4 g4 19. Qd3 Qd7 20. Rab1 Ka7 21.
Rb4 Bf5 22. Qd2 c6 23. Rfb1 Rb8 24. Re1 Rhe8 25. Rbb1 Rxe1+ 26. Rxe1 Re8 27.
Re3 Qf7 28. Nd1 Be4 29. Nc3 Bf5 1/2-1/2

[Event "XXXIV Festival Conca della Presolana Magistrale"]
[Site "Bratto - Castione della Presolana ITA"]
[Date "2014.08.28"]
[Round "7"]
[White "Cugini, Verter"]
[Black "Bresciani, Nicola"]
[WhiteElo "2079"]
[BlackElo "2226"]
[Result "1/2-1/2"]
[PlyCount "113"]
[EventDate "2014.08.22"]

1. e4 c5 2. g3 Nc6 3. Bg2 g6 4. Ne2 Bg7 5. O-O d6 6. Nbc3 e6 7. d3 Nge7 8. Be3
Nd4 9. Nf4 O-O 10. Rb1 Nec6 11. Nce2 b6 12. c3 Nxe2+ 13. Qxe2 a5 14. Rfd1 Ba6
15. Qd2 Ne5 16. h3 Rc8 17. b3 Nc6 18. d4 Ne7 19. h4 Qc7 20. Rbc1 Rcd8 21. Nh3
Bc8 22. Bh6 f6 23. Bxg7 Kxg7 24. Nf4 e5 25. Nd5 Nxd5 26. exd5 Rde8 27. dxc5
Qxc5 28. b4 Qc7 29. c4 axb4 30. Qxb4 Bf5 31. Rd2 Ra8 32. Rb2 Ra6 33. Rc3 Rfa8
34. Rcb3 Bd7 35. Bf1 R8a7 36. Qd2 Qc5 37. Kh2 Bc8 38. Kg1 Bd7 39. Qe3 Ra3 40.
Qxc5 Rxb3 41. Qxb6 Rxb6 42. Rxb6 Kf7 43. Rxd6 Ke7 44. Rb6 Rxa2 45. c5 Rc2 46.
c6 Bf5 47. Bg2 Kd6 48. Rb7 h5 49. Rf7 e4 50. c7 Rc1+ 51. Kh2 Rxc7 52. Rxf6+
Kxd5 53. Ra6 Rc2 54. Kg1 Rc1+ 55. Kh2 Rc2 56. Kg1 Rc1+ 57. Kh2 1/2-1/2

[Event "XXXIV Festival Conca della Presolana Magistrale"]
[Site "Bratto - Castione della Presolana ITA"]
[Date "2014.08.28"]
[Round "7"]
[White "Czakon, Jakub"]
[Black "Ranieri, Fabrizio"]
[WhiteElo "2474"]
[BlackElo "2247"]
[Result "1-0"]
[PlyCount "83"]
[EventDate "2014.08.22"]

1. b3 d5 2. Bb2 Nf6 3. e3 e6 4. g4 h6 5. h4 Nc6 6. Bb5 Bd7 7. d3 Nb4 8. Bxd7+
Qxd7 9. a3 Nc6 10. Qf3 O-O-O 11. Nd2 e5 12. g5 Ng4 13. Rh3 g6 14. Rg3 h5 15.
Qe2 f5 16. gxf6 Bh6 17. Nh3 Nxf6 18. O-O-O Ng4 19. Ng5 Bxg5 20. hxg5 Ne7 21. e4
d4 22. Nf1 Nc6 23. f3 Ne3 24. Nxe3 dxe3 25. Qxe3 Rhf8 26. c3 Qe6 27. b4 a6 28.
d4 Qb3 29. d5 Nd4 30. Qd3 Ne6 31. Qc2 Qxc2+ 32. Kxc2 Nf4 33. Rh1 Rde8 34. c4
Kd7 35. Kd2 Rh8 36. Rh4 b6 37. Bxe5 Rxe5 38. Rxf4 Rh7 39. Ke3 Re8 40. Rf6 Rg8
41. f4 Rhg7 42. Kd4 1-0

[Event "XXXIV Festival Conca della Presolana Magistrale"]
[Site "Bratto - Castione della Presolana ITA"]
[Date "2014.08.28"]
[Round "7"]
[White "David, Alberto"]
[Black "Sveshnikov, Evgeny E."]
[WhiteElo "2565"]
[BlackElo "2502"]
[Result "1/2-1/2"]
[PlyCount "48"]
[EventDate "2014.08.22"]

1. e4 c5 2. Nf3 Nc6 3. Bb5 e6 4. O-O Nge7 5. d4 cxd4 6. Nxd4 Qb6 7. Nxc6 bxc6
8. Be2 Ng6 9. c4 Bc5 10. Nc3 Qc7 11. Na4 Bd6 12. g3 c5 13. f4 Bb7 14. Bf3 Be7
15. e5 O-O 16. Be3 Rab8 17. Rf2 Bxf3 18. Qxf3 f6 19. exf6 Rxf6 20. Rd1 Ne5 21.
Qe2 Nf7 22. Qd3 Rd8 23. Qa3 d6 24. Nc3 Qb7 1/2-1/2

[Event "XXXIV Festival Conca della Presolana Magistrale"]
[Site "Bratto - Castione della Presolana ITA"]
[Date "2014.08.28"]
[Round "7"]
[White "Garofalo, Pietro"]
[Black "Ferro, Mario"]
[WhiteElo "2073"]
[BlackElo "2242"]
[Result "0-1"]
[PlyCount "74"]
[EventDate "2014.08.22"]

1. b3 e5 2. Bb2 Nc6 3. e3 g6 4. f4 Bg7 5. Nf3 f6 6. fxe5 Nxe5 7. Be2 Nxf3+ 8.
gxf3 d5 9. h4 Qd6 10. f4 Nh6 11. Nc3 a6 12. Bf3 Be6 13. Qe2 O-O-O 14. O-O-O Nf5
15. Qg2 Rhg8 16. Kb1 c6 17. Ne2 Kb8 18. Nd4 Nxd4 19. Bxd4 Rd7 20. Qh2 c5 21. f5
Qxh2 22. Rxh2 Bxf5 23. Bxc5 Rc8 24. d4 b6 25. Bxb6 Rc3 26. Re1 Bh6 27. Rhe2 Re7
28. Bd8 Rexe3 29. Rxe3 Bxe3 30. Bxf6 Rxc2 31. Be5+ Kc8 32. Rxe3 Re2+ 33. Kc1
Rxe3 34. Bxd5 Rh3 35. Bf6 a5 36. Kb2 Rh2+ 37. Kc3 Rc2# 0-1

[Event "XXXIV Festival Conca della Presolana Magistrale"]
[Site "Bratto - Castione della Presolana ITA"]
[Date "2014.08.28"]
[Round "7"]
[White "Gentili, Gianguido"]
[Black "Valenti, Giuseppe"]
[WhiteElo "2099"]
[BlackElo "2153"]
[Result "1-0"]
[PlyCount "77"]
[EventDate "2014.08.22"]

1. c4 e6 2. Nf3 Nf6 3. g3 b6 4. Bg2 Bb7 5. O-O c5 6. b3 Be7 7. Bb2 a6 8. d3 O-O
9. e4 d6 10. Nbd2 Nbd7 11. h3 Qc7 12. Qe2 Rad8 13. Nh2 Ne5 14. f4 Nc6 15. g4
Nd4 16. Bxd4 cxd4 17. g5 Nd7 18. Qh5 g6 19. Qh6 Rfe8 20. Ng4 Bf8 21. Qh4 Bg7
22. Nf3 Rc8 23. Rae1 Qd8 24. Nh6+ Kf8 25. f5 exf5 26. exf5 Rxe1 27. Rxe1 Bxf3
28. Bxf3 Ne5 29. Be4 Bxh6 30. Qxh6+ Kg8 31. f6 Qf8 32. Qh4 Re8 33. Rf1 h6 34.
Qf4 hxg5 35. Qxg5 Kh7 36. Rf4 Kg8 37. Rh4 d5 38. cxd5 Qb4 39. Rh8+ 1-0

[Event "XXXIV Festival Conca della Presolana Magistrale"]
[Site "Bratto - Castione della Presolana ITA"]
[Date "2014.08.28"]
[Round "7"]
[White "Gilevych, Artem"]
[Black "Gleizerov, Evgeny"]
[WhiteElo "2362"]
[BlackElo "2552"]
[Result "0-1"]
[PlyCount "86"]
[EventDate "2014.08.22"]

1. d4 e6 2. Nf3 f5 3. Bf4 Nf6 4. e3 Be7 5. h3 O-O 6. c4 b6 7. Nc3 Bb7 8. Be2
Bb4 9. O-O Bxc3 10. bxc3 Ne4 11. Rc1 d6 12. Bh2 Nd7 13. Qb3 Rf6 14. d5 Rg6 15.
Rfd1 Qf6 16. Qc2 Ndc5 17. Bf1 Rf8 18. Kh1 Qf7 19. Nd4 exd5 20. cxd5 Bxd5 21. f3
Ng5 22. a4 Kh8 23. a5 bxa5 24. Ra1 a4 25. c4 Ba8 26. Bf4 Nge6 27. Rdb1 Rf6 28.
Qc3 Kg8 29. Ra3 g5 30. Bg3 g4 31. Kh2 gxf3 32. gxf3 f4 33. exf4 Nxf4 34. Rb2
Rg6 35. Qe3 Nh5 36. Rg2 Re8 37. Qd2 Nb3 38. Nxb3 Qxf3 39. Qf2 axb3 40. Qxf3
Bxf3 41. Rf2 Nxg3 42. Rxf3 Nxf1+ 43. Rxf1 Re2+ 0-1

[Event "XXXIV Festival Conca della Presolana Magistrale"]
[Site "Bratto - Castione della Presolana ITA"]
[Date "2014.08.28"]
[Round "7"]
[White "Harshal, Shahi"]
[Black "Locatelli, Andrea"]
[WhiteElo "2159"]
[BlackElo "2138"]
[Result "0-1"]
[PlyCount "100"]
[EventDate "2014.08.22"]

1. e4 c5 2. Nf3 e6 3. d4 cxd4 4. Nxd4 a6 5. Bd3 Ne7 6. O-O Nbc6 7. Nb3 g6 8.
Nc3 Bg7 9. f4 d5 10. e5 O-O 11. Ne2 Qb6+ 12. Kh1 f6 13. exf6 Bxf6 14. c3 Bd7
15. Bc2 Rac8 16. Qd3 Nf5 17. Qf3 Bg7 18. g4 Nd6 19. Be3 d4 20. cxd4 Nb4 21. Bd1
Nd5 22. Kg1 Nc4 23. Bc1 a5 24. a4 Bc6 25. Qf2 Nb4 26. Nc5 Bd5 27. b3 Nd6 28.
Nd7 Qc6 29. Nxf8 Rxf8 30. Ba3 Nd3 31. Qg3 Nb4 32. Bxb4 axb4 33. Qf2 Qb6 34. Bc2
g5 35. Qe3 gxf4 36. Rxf4 Nf7 37. Raf1 Qc7 38. Qd3 Ng5 39. h4 Rxf4 40. Rxf4 Nh3+
41. Qxh3 Qxc2 42. Qe3 Bxb3 43. d5 Bxd5 44. Rxb4 Bf6 45. Rf4 Be7 46. Qe5 Qd1+
47. Kf2 Bc5+ 48. Nd4 Qd2+ 49. Kf1 Qg2+ 50. Ke1 Bb4+ 0-1

[Event "XXXIV Festival Conca della Presolana Magistrale"]
[Site "Bratto - Castione della Presolana ITA"]
[Date "2014.08.28"]
[Round "7"]
[White "Hunt, Adam C."]
[Black "Sharma, Dinesh K."]
[WhiteElo "2428"]
[BlackElo "2359"]
[Result "1-0"]
[PlyCount "107"]
[EventDate "2014.08.22"]

1. e4 e6 2. d4 d5 3. Nc3 Nf6 4. Bg5 Bb4 5. e5 h6 6. Bc1 Ne4 7. Qg4 g6 8. Nge2
c5 9. a3 Bxc3+ 10. bxc3 cxd4 11. cxd4 Qa5+ 12. c3 Bd7 13. f3 Bb5 14. fxe4 Bxe2
15. Qg3 Bxf1 16. Rxf1 Nd7 17. Bd2 Nb6 18. Qf3 Rh7 19. c4 dxe4 20. Qf6 Qa4 21.
Bb4 Qd7 22. Qxg6 O-O-O 23. Qxh7 Qxd4 24. Ra2 Qd3 25. Rd2 Qb1+ 26. Ke2 Rxd2+ 27.
Bxd2 Qd3+ 28. Ke1 Qb1+ 29. Ke2 Qd3+ 30. Ke1 Qb1+ 31. Bc1 Qxc1+ 32. Kf2 Qxa3 33.
Qg8+ Kc7 34. Qxf7+ Nd7 35. Kg1 Qc5+ 36. Kh1 Qxc4 37. Rd1 Qc6 38. h4 e3 39. Qf4
Qc5 40. Qxh6 Nxe5 41. Qh7+ Kc6 42. Qe4+ Kc7 43. Re1 Nc4 44. Qxe6 Qd4 45. Qe7+
Kc6 46. h5 Qg4 47. Qf6+ Kc5 48. h6 Qg3 49. Rc1 Qg4 50. Qe7+ Kd5 51. h7 Qh5+ 52.
Kg1 Nd6 53. Qxe3 Qxh7 54. Rc5# 1-0

[Event "XXXIV Festival Conca della Presolana Magistrale"]
[Site "Bratto - Castione della Presolana ITA"]
[Date "2014.08.28"]
[Round "7"]
[White "Janev, Evgeni"]
[Black "Sveshnikov, Vladimir"]
[WhiteElo "2439"]
[BlackElo "2380"]
[Result "1-0"]
[PlyCount "59"]
[EventDate "2014.08.22"]

1. e4 c5 2. Nf3 Nc6 3. Bb5 g6 4. Bxc6 bxc6 5. O-O Bg7 6. d3 Rb8 7. e5 f6 8. Bf4
Rxb2 9. Re1 Ba6 10. Nbd2 Rb4 11. c4 fxe5 12. Bxe5 Bxe5 13. Nxe5 Nf6 14. Nb3 O-O
15. Qd2 Bc8 16. d4 Ra4 17. Nxc5 Qa5 18. Qc2 Ra3 19. Nxg6 d6 20. Nb3 Qg5 21.
Nxf8 Kxf8 22. Re3 Bf5 23. Qb2 Ra4 24. Nd2 Ng4 25. Rf3 Ke8 26. Ne4 Qh5 27. h3
Nh6 28. Qb8+ Kd7 29. Qb7+ Kd8 30. Re1 1-0

[Event "XXXIV Festival Conca della Presolana Magistrale"]
[Site "Bratto - Castione della Presolana ITA"]
[Date "2014.08.28"]
[Round "7"]
[White "Lavorgna, Giovanni"]
[Black "Ranfagni, Stefano"]
[WhiteElo "1962"]
[BlackElo "2042"]
[Result "1-0"]
[PlyCount "101"]
[EventDate "2014.08.22"]

1. Nf3 d5 2. c4 c6 3. g3 e6 4. Bg2 Bd6 5. O-O Nf6 6. b3 O-O 7. Bb2 Nbd7 8. d4
Ne4 9. Nbd2 f5 10. Qc2 Qe8 11. Ne5 Qh5 12. f3 Nxe5 13. Nxe4 fxe4 14. dxe5 Bxe5
15. fxe4 Bxb2 16. Qxb2 dxc4 17. Qd4 Qe8 18. Rxf8+ Qxf8 19. e5 cxb3 20. axb3 Qe7
21. Rd1 c5 22. Qd3 Rb8 23. Be4 g5 24. Bxh7+ Kh8 25. Be4 b6 26. Qd8+ Qxd8 27.
Rxd8+ Kg7 28. Bc6 Kg6 29. e4 b5 30. Be8+ Kh6 31. Bd7 Bxd7 32. Rxb8 c4 33. bxc4
bxc4 34. Kf2 Kg6 35. Ke3 a6 36. Rb6 a5 37. Kd4 Ba4 38. Rxe6+ Kf7 39. Ra6 Bd1
40. Rxa5 Be2 41. h4 gxh4 42. gxh4 Ke6 43. Rc5 Bf1 44. Rxc4 Bxc4 45. Kxc4 Kxe5
46. h5 Kf6 47. Kd5 Kg5 48. e5 Kxh5 49. Kd6 Kg6 50. Kd7 Kf7 51. e6+ 1-0

[Event "XXXIV Festival Conca della Presolana Magistrale"]
[Site "Bratto - Castione della Presolana ITA"]
[Date "2014.08.28"]
[Round "7"]
[White "Magrini, Fabrizio"]
[Black "Aghayev, Miragha"]
[WhiteElo "2198"]
[BlackElo "2357"]
[Result "1/2-1/2"]
[PlyCount "28"]
[EventDate "2014.08.22"]

1. e4 c5 2. Nf3 d6 3. d4 Nf6 4. Nc3 cxd4 5. Nxd4 a6 6. Bg5 e6 7. f4 Nbd7 8. Qf3
Qc7 9. O-O-O b5 10. Bxb5 axb5 11. e5 Bb7 12. Ndxb5 Qb6 13. Qe2 dxe5 14. fxe5
Nd5 1/2-1/2

[Event "XXXIV Festival Conca della Presolana Magistrale"]
[Site "Bratto - Castione della Presolana ITA"]
[Date "2014.08.28"]
[Round "7"]
[White "Murgia, Andrea"]
[Black "Cebalo, Miso"]
[WhiteElo "1967"]
[BlackElo "2401"]
[Result "0-1"]
[PlyCount "48"]
[EventDate "2014.08.22"]

1. e4 c5 2. c3 d5 3. exd5 Qxd5 4. d4 g6 5. Nf3 Bg7 6. Be3 cxd4 7. cxd4 Nf6 8.
Nc3 Qa5 9. Bc4 O-O 10. Qd2 b6 11. Nd5 Nc6 12. b4 Qa3 13. Rb1 Nxd5 14. Bxd5 Bb7
15. Rb3 Qa4 16. Ne5 Rad8 17. Bxf7+ Rxf7 18. Nxf7 Kxf7 19. O-O Nxd4 20. Rd3 Qc6
21. f4 Qe4 22. f5 Ne2+ 23. Qxe2 Rxd3 24. fxg6+ Kxg6 0-1

[Event "XXXIV Festival Conca della Presolana Magistrale"]
[Site "Bratto - Castione della Presolana ITA"]
[Date "2014.08.28"]
[Round "7"]
[White "Pakleza, Zbigniew"]
[Black "Rambaldi, Francesco"]
[WhiteElo "2498"]
[BlackElo "2444"]
[Result "1-0"]
[PlyCount "105"]
[EventDate "2014.08.22"]

1. Nf3 d5 2. d4 Nf6 3. c3 Bf5 4. Qb3 Qc8 5. Bf4 e6 6. e3 Be7 7. Nbd2 O-O 8. Nh4
Be4 9. f3 Bg6 10. Nxg6 hxg6 11. Be2 Nh5 12. Bg3 Nxg3 13. hxg3 c5 14. f4 f5 15.
Nf3 Nc6 16. Bb5 Bf6 17. Qd1 a6 18. Bd3 Qc7 19. a3 g5 20. dxc5 g4 21. Nd4 Rae8
22. Kf2 Qe7 23. b4 g6 24. Qb3 Kg7 25. Rae1 e5 26. Nxf5+ gxf5 27. Bxf5 Rh8 28.
Rxh8 Rxh8 29. Qxd5 Qd8 30. Rd1 exf4 31. Qd7+ Qe7 32. gxf4 g3+ 33. Kf3 Re8 34.
c4 Kf8 35. Qxe7+ Rxe7 36. Rd3 Rg7 37. Be4 Bb2 38. Rb3 Bc1 39. a4 Bd2 40. Bxc6
bxc6 41. Ke2 Rd7 42. b5 Ba5 43. bxa6 Ra7 44. Rb8+ Ke7 45. Rb7+ Rxb7 46. axb7
Bc7 47. a5 Bb8 48. a6 Kd7 49. Kd3 Ba7 50. Kd4 Kc7 51. f5 Kb8 52. f6 Bb6 53. f7
1-0

[Event "XXXIV Festival Conca della Presolana Magistrale"]
[Site "Bratto - Castione della Presolana ITA"]
[Date "2014.08.28"]
[Round "7"]
[White "Pitzanti, Matteo"]
[Black "Bonato, Mariano"]
[WhiteElo "1967"]
[BlackElo "2139"]
[Result "0-1"]
[PlyCount "60"]
[EventDate "2014.08.22"]

1. d4 d5 2. Nf3 Nf6 3. e3 e6 4. Bd3 Bd6 5. O-O Ne4 6. b3 f5 7. c4 O-O 8. Bb2 b6
9. Ne5 Bb7 10. f3 Nf6 11. Nd2 Nbd7 12. Qe2 Qe7 13. a3 c5 14. cxd5 Nxd5 15. Ndc4
cxd4 16. exd4 Nf4 17. Qd2 Nxe5 18. dxe5 Bc5+ 19. Kh1 Qh4 20. g3 Qh5 21. Be2
Nxe2 22. Qxe2 f4 23. g4 Qxg4 24. b4 Be3 25. Rad1 Qh3 26. Rd7 Bd5 27. Nd6 g5 28.
Ne4 Bxe4 29. fxe4 f3 30. Qxe3 Qg2# 0-1

[Event "XXXIV Festival Conca della Presolana Magistrale"]
[Site "Bratto - Castione della Presolana ITA"]
[Date "2014.08.28"]
[Round "7"]
[White "Podini, Francesco"]
[Black "Razzano, Lorenzo"]
[WhiteElo "2031"]
[BlackElo "1990"]
[Result "1/2-1/2"]
[PlyCount "39"]
[EventDate "2014.08.22"]

1. e4 c5 2. Nc3 Nc6 3. f4 g6 4. Nf3 Bg7 5. Bb5 Nd4 6. O-O a6 7. Bc4 e6 8. a4
Ne7 9. d3 O-O 10. Kh1 d5 11. Ba2 b6 12. exd5 exd5 13. Ne5 h5 14. Qd2 Be6 15.
Ne2 Nef5 16. c3 Nxe2 17. Qxe2 Re8 18. Qf3 Rc8 19. Bd2 Kh7 20. Qf2 1/2-1/2

[Event "XXXIV Festival Conca della Presolana Magistrale"]
[Site "Bratto - Castione della Presolana ITA"]
[Date "2014.08.28"]
[Round "7"]
[White "Ricci, Marco"]
[Black "Scagliotti, Mauro"]
[WhiteElo "2061"]
[BlackElo "2043"]
[Result "1/2-1/2"]
[PlyCount "36"]
[EventDate "2014.08.22"]

1. e4 c6 2. d4 d5 3. Nd2 dxe4 4. Nxe4 Nd7 5. Nf3 Ngf6 6. Nxf6+ Nxf6 7. c3 Qc7
8. Ne5 e6 9. Bf4 Bd6 10. Bd3 O-O 11. Qe2 b6 12. O-O-O Bb7 13. Bg5 Be7 14. h4
Rad8 15. Ng4 Nxg4 16. Qxg4 f5 17. Qe2 Bc8 18. Bxe7 Qxe7 1/2-1/2

[Event "XXXIV Festival Conca della Presolana Magistrale"]
[Site "Bratto - Castione della Presolana ITA"]
[Date "2014.08.28"]
[Round "7"]
[White "Roeder, Matthias"]
[Black "Kohlweyer, Bernd"]
[WhiteElo "2422"]
[BlackElo "2422"]
[Result "1/2-1/2"]
[PlyCount "45"]
[EventDate "2014.08.22"]

1. Nf3 Nf6 2. c4 c5 3. g3 b6 4. Bg2 Bb7 5. O-O e6 6. Nc3 Be7 7. Re1 d5 8. cxd5
Nxd5 9. Nxd5 Qxd5 10. d4 cxd4 11. Qxd4 O-O 12. Bg5 Bxg5 13. Qxd5 Bxd5 14. Nxg5
Bxg2 15. Kxg2 Nc6 16. Rac1 Rac8 17. Red1 Ne5 18. Nf3 Nxf3 19. Kxf3 g5 20. Rxc8
Rxc8 21. Rd7 Rc2 22. Rxa7 Rxb2 23. h4 1/2-1/2

[Event "XXXIV Festival Conca della Presolana Magistrale"]
[Site "Bratto - Castione della Presolana ITA"]
[Date "2014.08.28"]
[Round "7"]
[White "Steingrimsson, Hedinn"]
[Black "Stopa, Jacek"]
[WhiteElo "2536"]
[BlackElo "2498"]
[Result "1/2-1/2"]
[PlyCount "82"]
[EventDate "2014.08.22"]

1. d4 d5 2. c4 e5 3. dxe5 d4 4. Nf3 Nc6 5. g3 Nge7 6. Bg2 Ng6 7. O-O Ngxe5 8.
Nbd2 Be7 9. a3 a5 10. b3 O-O 11. Bb2 Ra6 12. Qc2 Re8 13. Rad1 d3 14. exd3 Qxd3
15. Ne1 Qxc2 16. Nxc2 Bg4 17. Rb1 Nd3 18. Bf3 Bxf3 19. Nxf3 Nxb2 20. Rxb2 Rb6
21. Rd1 g6 22. Kf1 Rd8 23. Rxd8+ Nxd8 24. b4 axb4 25. axb4 Ra6 26. Ne3 c6 27.
b5 Ra1+ 28. Kg2 Kg7 29. bxc6 bxc6 30. Ne5 Rc1 31. Rd2 Kf8 32. h4 Ke8 33. Kf3
Rc3 34. Ke2 Bf6 35. N3g4 Bg7 36. Nd7 Rxc4 37. Ngf6+ Ke7 38. Nb6 Rc1 39. Nxh7
Ne6 40. Nc8+ Ke8 41. Nd6+ Ke7 1/2-1/2

[Event "XXXIV Festival Conca della Presolana Magistrale"]
[Site "Bratto - Castione della Presolana ITA"]
[Date "2014.08.28"]
[Round "7"]
[White "Sulava, Nenad"]
[Black "Castaldo, Folco"]
[WhiteElo "2462"]
[BlackElo "2436"]
[Result "1/2-1/2"]
[PlyCount "53"]
[EventDate "2014.08.22"]

1. d4 d6 2. e4 g6 3. Nf3 Bg7 4. Be3 Nd7 5. c4 e5 6. Nc3 Ngf6 7. Be2 O-O 8. O-O
exd4 9. Nxd4 Re8 10. f3 c6 11. Nc2 Nb6 12. Kh1 Be6 13. Na3 Nh5 14. f4 Nf6 15.
Bd4 Bc8 16. Bf3 Be6 17. Qd3 Rc8 18. Rad1 Rc7 19. b3 Rce7 20. Nc2 Qc8 21. Ne3
Qc7 22. f5 Bc8 23. Bxf6 Bxf6 24. Ng4 Be5 25. Qe3 f6 26. fxg6 Bxg4 27. Bxg4
1/2-1/2